|
|
|
|
| LEADER |
00000cam a2200000 7i4500 |
| 001 |
0000001767 |
| 005 |
20240924.0 |
| 008 |
991126 nyu eng |
| 020 |
|
|
|a 0393952991 (pbk)
|
| 040 |
|
|
|a INS
|b eng
|e rda
|
| 090 |
0 |
0 |
|a PN6142
|b .E3 1984
|
| 100 |
1 |
|
|a Eastman, Arthur M. ,
|e author
|
| 245 |
1 |
4 |
|a The Norton reader :
|b an anthology of expository prose
|c Arthur M. Eastman, Caesar R. Blake, Hubert M. English, Joan E. Hartman, Alan B. Howes, Robert T. Lenaghan, Leo F. McNamara, James Rosier
|
| 250 |
|
|
|a Sixth Edition Shorter
|
| 264 |
|
1 |
|a New York :
|b W.W. Norton & Company
|c 1984
|
| 264 |
|
4 |
|c ©1984
|
| 300 |
|
|
|a xv, 715 pages ;
|c 21 cm.
|
| 336 |
|
|
|a text
|2 rdacontent
|
| 337 |
|
|
|a unmediated
|2 rdamedia
|
| 338 |
|
|
|a volume
|2 rdacarrier
|
| 500 |
|
|
|a Includes index
|
| 650 |
|
0 |
|a American prose literature
|
| 650 |
|
0 |
|a Prose literature
|
| 700 |
1 |
|
|a Blake, Caesar R. ,
|e author
|
| 700 |
1 |
|
|a English, Hubert M. ,
|e author
|
| 700 |
1 |
|
|a Hartman, Joan E. ,
|e author
|
| 700 |
1 |
|
|a Howes, Alan B. ,
|e author
|
| 700 |
1 |
|
|a Lenaghan, Robert T. ,
|e author
|
| 700 |
1 |
|
|a McNamara, Leo F. ,
|e author
|
| 700 |
1 |
|
|a Rosier, James ,
|e author
|
| 999 |
|
|
|a 0000003762
|b BOOK
|c Open Shelf
|e Default branch
|